| 000 | 00811nam a2200217 i 4500 | ||
|---|---|---|---|
| 001 | 17656 | ||
| 003 | ES-MaACL | ||
| 005 | 20260213163043.0 | ||
| 007 | t| | ||
| 008 | 010420s2001 sp a c |||| | spa d | ||
| 080 | _a903(460-11)(064.3) | ||
| 245 | 0 | 1 |
_a_Y acumularon tesoros _b: mil años de historia en nuestras tierras [exposición] : Valencia, Murcia, Castellón, Alicante, Barcelona, 2001-2002. |
| 260 |
_a[Valencia] : _bCaja de Ahorros del Mediterráneo, _c[2001] |
||
| 300 |
_a295 p. : _bil. col. y n. ; _c29 cm. |
||
| 651 | 4 |
_aEspaña oriental- _xRestos arqueológicos prehistóricos- _vExposiciones. _9163464 |
|
| 655 | 7 |
_2tgfbne _9193628 _aCatálogos de exposiciones |
|
| 710 | 0 |
_aCaja de Ahorros del Mediterráneo _92294 |
|
| 852 |
_aES-MaACL _jL-24575 |
||
| 942 | _2udc | ||
| 999 |
_c17656 _d17656 |
||